| 000 | 00347 a2200133 4500 | ||
|---|---|---|---|
| 020 | _a812040405X | ||
| 082 | _a657.33 | ||
| 090 |
_c2382 _d2382 |
||
| 100 | _aoxford | ||
| 245 |
_ahow to read a blance sheet _ban ILO Programmed book _cOxford |
||
| 260 |
_aNew Delhi _bOxford and IBH Publishing _c2004 |
||
| 300 | _a213 | ||
| 942 |
_aNBS _cBK _k657.33 OXF |
||
| 999 |
_c344880 _d344880 |
||